What life was like : In the realm of elizabeth

Bibliographic Details
Format: Book
Published: Italy : Time Life Books , 1999
Series:What life was like
Subjects:

MARC

LEADER 00000cam a2200000 7i4500
001 0000068715
005 20161213.0
008 161213
020 |a 0783554567 
090 0 0 |a 942.055   |b WHA 
245 1 0 |a What life was like :   |b In the realm of elizabeth 
260 |a Italy :   |b Time Life Books ,   |c 1999 
300 |a 168p. :   |b col.ill 
490 1 |a What life was like 
500 |a Includes index,bibliography 
650 0 |a England 
650 0 |a Social life and customs 
999 |a 0000936397   |b Book   |c REFERENCE   |e Cawangan Tangkak